Cơ sở sinh thái học

Gespeichert in:
Bibliographische Detailangaben
1. Verfasser: Dương Hữu Thời
Format: Buch
Sprache:Vietnamese
Veröffentlicht: Đại học Quốc gia Hà Nội 2000
Tags: Tag hinzufügen
Keine Tags, Fügen Sie den ersten Tag hinzu!
Thư viện lưu trữ: Mạng thư viện Đại học Đà Nẵng
LEADER 00642nam a2200253 4500
001 000021174
003 17621
005 20150409160402.0
008 150409s2000 viesd
020 |c 29000 
041 0 |a vie 
082 1 4 |a 363.7  |b DƯ-T 
100 1 |a Dương Hữu Thời 
245 1 0 |a Cơ sở sinh thái học  |c Dương Hữu Thời. 
260 |b Đại học Quốc gia Hà Nội  |c 2000 
300 |a tr.  |c cm. 
OWN |a LSP 
999 |a From the UDN01 
TYP |a Monograph 
TYP |a Printed language 
980 |a Mạng thư viện Đại học Đà Nẵng